[Event "Wuertemberg-ch U18"]
[White "Prim, Markus"]
[Black "Kartin, Ferhat"]
[Site "Germany"]
[Round "6"]
[Result "0-1"]
[Date "2004.04.16"]
[WhiteElo "1335"]
[BlackElo "1804"]
[PlyCount "122"]
[EventDate "2004.04.??"]
[EventType "swiss"]
[EventRounds "7"]
[EventCountry "GER"]
[SourceTitle "EXT 2005"]
[Source "ChessBase"]
[SourceDate "2004.11.15"]
[SourceVersion "1"]
[SourceVersionDate "2004.11.15"]
[SourceQuality "1"]

1. e4 c5 2. Nf3 Nc6 3. d4 cxd4 4. Nxd4 Nf6 5. Nc3 e5 6. Ndb5 d6 7. Bg5 a6 8. Na3 b5 9. Bxf6 gxf6 10. Nd5 Bg7 11. Bd3 Ne7 12. Nxe7 Qxe7 13. 0-0 0-0 14. c3 f5 15. Qh5 f4 16. Nc2 Qb7 17. Nb4 Be6 18. Nd5 h6 19. Qf3 b4 20. c4 Rfc8 21. b3 a5 22. Rfd1 Rc5 23. Rac1 Rac8 24. h3 a4 25. Bc2 axb3 26. Bxb3 f5 27. Rc2 fxe4 28. Qxe4 Qf7 29. Rcd2 Rb8 30. Kh2 Rcc8 31. f3 Bf5 32. Qe1 Rb7 33. Qe2 Qg6 34. Qf2 Rcb8 35. Qe1 Kh8 36. Qf2 Bf8 37. Qe1 Rc8 38. Qf2 Rc5 39. Qe1 Qg5 40. Qf2 Rc8 41. Re1 h5 42. Rde2 h4 43. Rd1 Qg3+ 44. Qxg3 hxg3+ 45. Kg1 Ra8 46. Nf6 Kg7 47. Nd5 Raa7 48. Rdd2 Kg6 49. Kf1 Kg5 50. Rb2 Bd3 51. Kg1 Bxe2 52. Rxe2 Ra5 53. Rd2 Be7 54. Kf1 Bd8 55. Ke2 Bb6 56. Kd3 Bc5 57. Re2 Ra8 58. Re1 Rba7 59. Re2 Rh7 60. Re1 Rah8 61. Rh1 Rxh3 0-1

[Event "Wuertemberg-ch U18"]
[White "Reischmann, Andreas"]
[Black "Kartin, Ferhat"]
[Site "Germany"]
[Round "4"]
[Result "1/2-1/2"]
[Date "2004.04.15"]
[WhiteElo "1815"]
[BlackElo "1804"]
[PlyCount "74"]
[EventDate "2004.04.??"]
[EventType "swiss"]
[EventRounds "7"]
[EventCountry "GER"]
[SourceTitle "EXT 2005"]
[Source "ChessBase"]
[SourceDate "2004.11.15"]
[SourceVersion "1"]
[SourceVersionDate "2004.11.15"]
[SourceQuality "1"]

1. d4 Nf6 2. Nf3 e6 3. c4 b6 4. Bf4 Bb7 5. e3 d5 6. h3 Be7 7. Be2 0-0 8. 0-0 dxc4 9. Bxc4 Nd5 10. Bg3 c5 11. Nc3 Nxc3 12. bxc3 Nd7 13. Qe2 Nf6 14. Rac1 Ne4 15. Bf4 Bd6 16. Bxd6 Qxd6 17. Rfd1 Rfd8 18. Nd2 Qc6 19. Qf3 Nxd2 20. Qxc6 Bxc6 21. Rxd2 Kf8 22. f4 Ke7 23. Kf2 f5 24. g4 g6 25. g5 Be4 26. Be2 Rd6 27. Bf3 Bxf3 28. Kxf3 Rc8 29. Rdc2 Rdc6 30. Ke2 cxd4 31. exd4 Rc4 32. Kd3 b5 33. Rb1 a6 34. a3 Kd6 35. h4 h5 36. Rb3 R8c6 37. Re2 Kc7 1/2-1/2

[Event "Wuertemberg-ch U18"]
[White "Kartin, Ferhat"]
[Black "Dinger, Florian"]
[Site "Germany"]
[Round "3"]
[Result "0-1"]
[Date "2004.04.14"]
[WhiteElo "1804"]
[BlackElo "1939"]
[PlyCount "112"]
[EventDate "2004.04.??"]
[EventType "swiss"]
[EventRounds "7"]
[EventCountry "GER"]
[SourceTitle "EXT 2005"]
[Source "ChessBase"]
[SourceDate "2004.11.15"]
[SourceVersion "1"]
[SourceVersionDate "2004.11.15"]
[SourceQuality "1"]

1. e4 c5 2. Nf3 Nc6 3. d4 cxd4 4. Nxd4 g6 5. c4 Bg7 6. Be3 Nf6 7. Nc3 0-0 8. Be2 d6 9. 0-0 Bd7 10. Qd2 Nxd4 11. Bxd4 Bc6 12. f3 a5 13. b3 Nd7 14. Be3 Nc5 15. Rab1 f5 16. exf5 gxf5 17. Nd5 e6 18. Bg5 Qb8 19. Ne7+ Kf7 20. Nxc6 bxc6 21. Rfd1 d5 22. Be3 Nd7 23. f4 Qd6 24. Rbc1 Rfb8 25. Qc2 Nf6 26. cxd5 Nxd5 27. Bc4 Rb7 28. Qe2 Rd7 29. g3 Bf6 30. Qh5+ Kg7 31. Qe2 Rad8 32. Bxd5 cxd5 33. Bc5 Qb8 34. Qxe6 d4 35. Rd3 Qb5 36. Qxf5 Rd5 37. Qg4+ Kh8 38. Rdd1 Rxc5 39. Qe6 Bg7 40. Qe7 Rdc8 41. Rxc5 Qxc5 42. Qxc5 Rxc5 43. Rd2 Rc3 44. Kf2 Bf6 45. Kg2 Kg7 46. Kf1 Kg6 47. g4 h5 48. g5 Bg7 49. Re2 Rf3+ 50. Rf2 Rxf2+ 51. Kxf2 Kf5 52. Kf3 Bf8 53. h4 Bd6 54. Ke2 Bxf4 55. Kd3 Bxg5 56. hxg5 h4 0-1

[Event "BEM-ch U18"]
[White "Geiger, Jonathan"]
[Black "Kartin, Ferhat"]
[Site "Vaihingen/Enz"]
[Round "2"]
[Result "0-1"]
[Date "2003.01.25"]
[WhiteElo "1674"]
[BlackElo "1874"]
[PlyCount "48"]
[EventDate "2003.01.??"]
[EventType "swiss"]
[EventRounds "7"]
[EventCountry "GER"]
[SourceTitle "EXT 2005"]
[Source "ChessBase"]
[SourceDate "2004.11.15"]
[SourceVersion "1"]
[SourceVersionDate "2004.11.15"]
[SourceQuality "1"]

1. d4 Nf6 2. c4 e5 3. dxe5 Ne4 4. Qc2 d5 5. exd6 Bf5 6. Qd1 Bxd6 7. Nf3 Nxf2 8. Qb3 Nxh1 9. Qxb7 Nd7 10. Bg5 f6 11. Be3 Rb8 12. Qd5 Bg6 13. Nd4 Qe7 14. Bg1 Qe4 15. Qxe4+ Bxe4 16. Nc3 Ba8 17. Nf5 Rxb2 18. Nxd6+ cxd6 19. Nb5 Ke7 20. Bxa7 Rc8 21. Na3 Ne5 22. Bd4 Rb4 23. Bxe5 fxe5 24. e3 Rb2 0-1

[Event "Wuerttemberg-ch U16"]
[White "Buschle, Benedikt"]
[Black "Kartin, Ferhat"]
[Site "Lindau"]
[Round "6"]
[Result "1-0"]
[Date "2002.04.05"]
[WhiteElo "1799"]
[BlackElo "1494"]
[PlyCount "47"]
[EventDate "2002.04.??"]
[EventType "swiss"]
[EventRounds "7"]
[EventCountry "GER"]
[SourceTitle "EXT 2003"]
[Source "ChessBase"]
[SourceDate "2002.11.25"]
[SourceVersion "1"]
[SourceVersionDate "2002.11.25"]
[SourceQuality "1"]

1. e4 e6 2. d4 d5 3. exd5 exd5 4. Bd3 Bd6 5. Nc3 c6 6. Nge2 Bg4 7. f3 Bh5 8. Be3 Qc7 9. Qd2 Nf6 10. 0-0-0 Nbd7 11. Nf4 0-0-0 12. Nxh5 Nxh5 13. g3 g6 14. Rhe1 f5 15. Bg5 Rde8 16. Re2 Ndf6 17. Rde1 Qf7 18. Na4 Re7 19. Rxe7 Bxe7 20. Qa5 Kb8 21. g4 fxg4 22. Bf4+ Bd6 23. Bxd6+ Kc8 24. Re7 1-0

[Event "Wuerttemberg-ch U16"]
[White "Dietl, Jochen"]
[Black "Kartin, Ferhat"]
[Site "Lindau"]
[Round "3"]
[Result "0-1"]
[Date "2002.04.03"]
[WhiteElo "1496"]
[BlackElo "1494"]
[PlyCount "78"]
[EventDate "2002.04.??"]
[EventType "swiss"]
[EventRounds "7"]
[EventCountry "GER"]
[SourceTitle "EXT 2003"]
[Source "ChessBase"]
[SourceDate "2002.11.25"]
[SourceVersion "1"]
[SourceVersionDate "2002.11.25"]
[SourceQuality "1"]

1. e4 d5 2. exd5 Qxd5 3. Nc3 Qa5 4. d4 Nf6 5. Nf3 Bg4 6. h3 Bh5 7. g4 Bg6 8. Ne5 Nbd7 9. Nxg6 hxg6 10. Bd2 e6 11. Qf3 0-0-0 12. 0-0-0 Nb6 13. a3 Nbd5 14. Nxd5 Qxd5 15. Qxd5 Rxd5 16. Be1 Nxg4 17. Bg2 Rdh5 18. Bf3 f5 19. Rg1 Rxh3 20. Bxg4 fxg4 21. Rxg4 Be7 22. Rxg6 Bf6 23. c3 Rf3 24. Rg2 Rh5 25. Bd2 Rd5 26. Be3 b6 27. Kc2 Kd7 28. Rd3 Kc6 29. Rg3 Rdf5 30. Rxf3 Rxf3 31. Rd1 Bh4 32. Rf1 Kd5 33. Kd3 Rf5 34. f4 g5 35. c4+ Kd6 36. Ke4 Rf7 37. Rg1 gxf4 38. Bxf4+ Ke7 39. Rg6 Bf2 0-1

[Event "Wuerttemberg-ch U16"]
[White "Knoerzer, Michael"]
[Black "Kartin, Ferhat"]
[Site "Lindau"]
[Round "1"]
[Result "1-0"]
[Date "2002.04.02"]
[WhiteElo "1908"]
[BlackElo "1494"]
[PlyCount "85"]
[EventDate "2002.04.??"]
[EventType "swiss"]
[EventRounds "7"]
[EventCountry "GER"]
[SourceTitle "EXT 2003"]
[Source "ChessBase"]
[SourceDate "2002.11.25"]
[SourceVersion "1"]
[SourceVersionDate "2002.11.25"]
[SourceQuality "1"]

1. d4 Nf6 2. c4 e6 3. Nf3 d5 4. g3 c5 5. Bg2 Nc6 6. 0-0 dxc4 7. Qa4 Bd7 8. Qxc4 Na5 9. Qd3 Qb6 10. Nc3 cxd4 11. Qxd4 Bc5 12. Qh4 0-0 13. Rb1 Nc6 14. Na4 Qb5 15. Nxc5 Qxc5 16. a3 Rac8 17. b4 Qf5 18. Bb2 e5 19. b5 Ne7 20. Nxe5 Ng6 21. Nxg6 fxg6 22. Bxf6 Rxf6 23. Bxb7 Rb8 24. Qe4 Qxe4 25. Bxe4 Rxb5 26. Rxb5 Bxb5 27. Rb1 Bxe2 28. Rb5 Kf7 29. Rb7+ Ke6 30. Rxa7 Ke5 31. Re7+ Re6 32. f4+ Kd6 33. Rxe6+ Kxe6 34. Kf2 Bb5 35. Ke3 Kd6 36. Kd4 Ba6 37. a4 Bc8 38. a5 Ba6 39. Bd3 Bxd3 40. Kxd3 Kc5 41. Ke4 Kb5 42. Ke5 Kxa5 43. Ke6 1-0